004380000a2200133000450024501060000065000170010665000230012365000220014665100150016865300310018304100130021410000200022777300570024710aStudien über die reptilienfauna Madagaskers VII: eline neue unterart des taggeckos Phelsuma lineata14aHerpetofauna14aTaxonomía animal14aBiología animal 4pMadagascar gPhelsumaePhelsuma lineata0 aAlemán1 aMertens, Robert1 tSenckenbergiana Biologica32h4-6q299-301d1973g54